Loading...
| Current Events | 2 | 15.00 | 50% | 0% | 100% |
| Fine Arts - Classical Music | 5 | 8.00 | 80% | 0% | 0% |
| Fine Arts - Other | 6 | 8.33 | 83% | 0% | 0% |
| Fine Arts - Painting and Sculpture | 5 | 10.00 | 80% | 20% | 0% |
| Geography | 1 | 10.00 | 100% | 0% | 0% |
| History - American | 7 | 17.14 | 100% | 71% | 0% |
| History - European | 5 | 14.00 | 100% | 20% | 20% |
| History - Other | 4 | 12.50 | 100% | 25% | 0% |
| History - World | 4 | 10.00 | 75% | 25% | 0% |
| Literature - American | 4 | 12.50 | 100% | 25% | 0% |
| Literature - British | 5 | 14.00 | 100% | 40% | 0% |
| Literature - European | 3 | 13.33 | 100% | 33% | 0% |
| Literature - World | 3 | 10.00 | 67% | 33% | 0% |
| Mythology | 4 | 10.00 | 50% | 50% | 0% |
| Other Academic | 1 | 10.00 | 100% | 0% | 0% |
| Philosophy | 3 | 10.00 | 100% | 0% | 0% |
| Pop Culture | 2 | 15.00 | 100% | 50% | 0% |
| Religion | 7 | 11.43 | 86% | 29% | 0% |
| Science - Biology | 5 | 18.00 | 100% | 80% | 0% |
| Science - Chemistry | 7 | 15.71 | 100% | 57% | 0% |
| Science - Other | 5 | 14.00 | 100% | 40% | 0% |
| Science - Physics | 5 | 12.00 | 100% | 20% | 0% |
| Social Science | 4 | 10.00 | 100% | 0% | 0% |